• 首页
  • 本馆介绍
  • 公告通知
  • 最新文献
  • 馆藏检索
  • 电子资源
  • 读者导购
  • 参考咨询
  • 我的图书馆
  • 登录
  • 详细信息显示
  • 放入我的书架
  • 预约/预借图书
  • 作者相关作品
  • 分类相关作品
  • 丛书相关作品
  • 出版社相关作品

书目信息

  • 表格格式
  • 工作单格式
  • 卡片格式
题名:
中国退耕还林研究
    
 
作者: 李世东 著
分册:  
出版信息: 北京   科学出版社  2004
页数: 398页
开本: 26cm
丛书名:
单 册:
中图分类: S725
科图分类:
主题词: 造林--研究--中国 , 造林
电子资源:
ISBN: 7-03-013293-9
000 00956nam0 2200265 450
001 002777263
005 20070805110838.18
010    @a7-03-013293-9@dCNY68.00
035    @a002777263
100    @a20041207d2004 emky0chiy0110 ea
101 0  @achi
102    @aCN@b110000
105    @ay z 000yy
106    @ar
200 1  @a中国退耕还林研究@Azhong guo tui geng huan lin yan jiu@f李世东著@Fli shi dong zhu
210    @a北京@c科学出版社@d2004
215    @a398页@d26cm
330    @a本书以中国退耕还林工程25个省(区、市)1800多个县(市、区、旗)为研究对象,引入系统动力学等多种先进理论和技术,采取试验站点观测与广泛调研集成等五个结合的技术方案,提出了我国退耕还林的时空发展规律和类型区划方案等内容。
510 1  @aResearch on Conversion of Farmland to Forests in China@zeng
606 0  @a造林@x研究@y中国
606 0  @a造林
690    @aS725@v4
701  0 @a李世东@Ali shi dong@f(1966.3~)@4著
801  0 @aCN@bNLC@c20070805
905    @dS725@e29@f4
    
    中国退耕还林研究/李世东著.-北京:科学出版社,2004
    398页;26cm
    
    
    ISBN 7-03-013293-9:CNY68.00
    本书以中国退耕还林工程25个省(区、市)1800多个县(市、区、旗)为研究对象,引入系统动力学等多种先进理论和技术,采取试验站点观测与广泛调研集成等五个结合的技术方案,提出了我国退耕还林的时空发展规律和类型区划方案等内容。
●
相关链接 在E读中查询图书 在五车中查询图书 在当当中查询图书 在豆瓣中查询图书


正题名:中国退耕还林研究     索取号:S725/29         预约/预借

序号 登录号 条形码 馆藏地/架位号 状态 备注
1 0852027   208520279   第二样本阅览室/ [索取号:S725/29] 在馆    
2 0852028   208520288   第三借阅区/ [索取号:S725/29] 在馆    
3 0852029   208520297   第三借阅区/ [索取号:S725/29] 在馆    
4 0852030   208520304   第三借阅区/ [索取号:S725/29] 在馆    
唐山师范学院图书馆 欢迎您!
大连网信软件有限公司© 版权所有